Online Catalogue and eLibrary

Women & peacebuilding / (Record no. 518)

MARC details
000 -LEADER
fixed length control field 00601cam a22002054a 4500
001 - CONTROL NUMBER
control field 11856721
005 - DATE AND TIME OF LATEST TRANSACTION
control field 20240229043200.0
008 - FIXED-LENGTH DATA ELEMENTS--GENERAL INFORMATION
fixed length control field 991117s1999 quc b 000 0 eng
020 ## - INTERNATIONAL STANDARD BOOK NUMBER
ISBN 2922084167
040 ## - CATALOGING SOURCE (பட்டியலாக்க மூலம்)
Original cataloging agency DLC
Transcribing agency DLC
Modifying agency DLC
082 ## - DDC Classification
DDC Edition Number 22
Class No. 323
Item Number - Author Mark WOM.
100 1# - MAIN ENTRY--PERSONAL NAME
Personal name Mazurana, Dyan E.
245 10 - TITLE STATEMENT
Title Women & peacebuilding /
Statement of responsibility, etc. Dyan E Mazurana and Susan R. McKay.
260 ## - PUBLICATION, DISTRIBUTION, ETC.
Place of publication, distribution, etc. Montreal :
Name of publisher, distributor, etc. International Centre for Human Rights and Democratic Development,
Date of publication, distribution, etc. 1999.
300 ## - PHYSICAL DESCRIPTION
Extent (e.g. Volumes, Pages etc.) vii, 116 p. ;
650 #0 - SUBJECT ADDED ENTRY--TOPICAL TERM
Topical term or geographic name entry element Women and peace.
650 #0 - SUBJECT ADDED ENTRY--TOPICAL TERM
Topical term or geographic name entry element Peace-building.
700 1# - ADDED ENTRY--PERSONAL NAME
Personal name McKay, Susan,
Relator term (Role) Editor
942 ## - Koha item type (Biblio)
Koha item type Books in Stacks (Lending)
Holdings
Lost status Damaged status Collection code Home library Current library Date acquired Full call number Accession Number Item type
    Lending WERC Library WERC Library 02/29/2024 323 WOM. 4877 Books in Stacks (Lending)

© WERC Library